2025 albums by album cover - Statistics

General Stats
  • This quiz has been taken 12 times
  • The average score is 11 of 20
Answer Stats
Picture Answer % Correct
Hurry Up Tomorrow
92%
DON'T TAP THE GLASS
83%
MUSIC
83%
SWAG
83%
JackBoys 2
75%
Let God Sort Em Out
75%
Tha Carter VI
75%
God Does Like Ugly
67%
Man's Best Friend
58%
Mayhem
58%
DeBI TiRAR MaS FOToS
50%
$ome $exy $ongs 4 U
50%
Eusexua
42%
The Art of Loving
42%
Fancy That
33%
Mutt
33%
Ruby
33%
A Matter of Time
25%
Beautiful Chaos
25%
Sincerely,
8%
No matching quizzes found
Score Distribution
Percent of People with Each Score
Percentile by Number Answered
Your Score History
You have not taken this quiz